| 000 | 03048cam a22006854i 4500 | ||
|---|---|---|---|
| 003 | PE-LiUPU | ||
| 005 | 20250731170451.0 | ||
| 008 | 150706s2006 tnu r 000 0 spa d | ||
| 020 | _a0881134139 | ||
| 020 | _a9780881134131 | ||
| 035 | _a(Sirsi) i9780881134131 | ||
| 040 |
_aPE-LiUPU _bspa _cPE-LiUPU _dPE-LiUPU _erda |
||
| 041 | 1 |
_aspa _heng |
|
| 049 | _aPRUA | ||
| 082 | 0 | 4 |
_a248.4 _bM31 _221 |
| 100 | 1 |
_aMaxwell, John C., _eautor. |
|
| 245 | 1 | 0 |
_aActitud de vencedor / _cJohn C. Maxwell ; [traductor], Guillermo Vásquez. |
| 264 | 1 |
_aNashville : _bGrupo Nelson, _c2006. |
|
| 300 |
_a238 páginas ; _c22 centímetros |
||
| 336 |
_atext _2rdacontent |
||
| 337 |
_aunmediated _2rdamedia |
||
| 338 |
_avolume _2rdacarrier |
||
| 505 | 0 | _aConsidere su actitud -- Es un pájaro es un avión. ¡No! ¡Es una actitud! -- La actitud, ¿qué es? -- La actitud, ¿por qué es importante? -- Construya su actitud -- Es difícil volar con las águilas cuando se tiene que vivir con los pavos -- Verdades fundamentales sobre la construcción de la actitud -- Materiales que se usan en la construcción de la actitud -- Las costosas equivocaciones que la gente comete al construir una actitud -- Cómo se estrella su actitud -- ¡Socorro! ¡Socorro! ¡Mi actitud está perdiendo altura! -- Cuando nos estrellamos por dentro -- Cuando nos estrellamos por fuera -- El cambio de actitud -- Suba, suba, y vuele lejos -- La decisión está en usted -- Las oportunidades a su alrededor -- El Dios sobre usted -- Canales para el cambio. | |
| 526 | _aSEG68 | ||
| 526 | _aSEG70 | ||
| 526 | _aSEG69 | ||
| 526 | _aSEG67 | ||
| 526 | _aSEG43 | ||
| 526 | _aP144 | ||
| 526 | _aP143 | ||
| 526 | _aP131 | ||
| 526 | _aP122 | ||
| 526 | _aP120 | ||
| 526 | _aP117 | ||
| 526 | _aP112 | ||
| 526 | _aP110 | ||
| 526 | _aP106 | ||
| 526 | _aP101 | ||
| 526 | _aP80 | ||
| 526 | _aP59 | ||
| 526 | _aP54 | ||
| 526 | _aP35 | ||
| 526 | _aP33 | ||
| 526 | _aP30 | ||
| 534 |
_pTítulo original : _tThe winning attitude. |
||
| 541 | _g071-0133810; | ||
| 650 | 1 | 4 |
_aActitud (Psicología) _xCristianismo. |
| 650 | 2 | 4 |
_aÉxito _xAspectos religiosos _xCristianismo. |
| 650 | 2 | 4 | _aVida cristiana. |
| 700 | 1 |
_aVásquez, Guillermo, _etraductor. |
|
| 910 |
_agl _cfsr _d20121211 |
||
| 910 |
_adbm _bncf _cncf _d20190508 |
||
| 942 |
_2ddc _cBOOK |
||
| 949 |
_a248.4 M31 _wDEWEY _c1 _i65901 _lCCODEBUL1 _mBUL _p15.00 _r0 _sY _tBOOK _u2015-7-6 _xFCE _PP04 _o.STAFF. Colección Ciencias de la Salud |
||
| 994 |
_aC0 _bPEPRU |
||
| 596 | _a1 | ||
| 999 |
_a158.106467 M31 2008 _wDEWEY _c51586 _i62552 _d51586 _e2015-11-26 _f2021-11-3 _g6 _lCCODEBUL1 _mBUL _n1 _p9.00 _q1 _r0 _sY _tBOOK _u2015-7-6 _xSALUD _zUNKNOWN _0COMPRA _o.STAFF. Colección Ciencias de la Salud |
||
| 999 |
_a158.106467 M31 2008 _wDEWEY _c2 _i62551 _d2017-11-7 _f2021-11-3 _g6 _lCCODEBUL1 _mBUL _p9.00 _q1 _r0 _sY _tBOOK _u2015-7-6 _xSALUD _zUNKNOWN _0COMPRA _o.STAFF. Colección Ciencias de la Salud |
||
| 980 |
_81 _gALBERTO SANCHEZ Responsable de Automatización |
||